Super Smash Bros. 4 Wii U All Characters Quiz - Statistics

General Stats
  • This quiz has been taken 107 times
  • The average score is 52 of 58
Answer Stats
Character % Correct
Super Mario Bros. Bowser
100%
Super Mario Bros. Luigi
100%
Super Mario Bros. Mario
100%
Super Mario Bros. Peach
100%
Yoshi Yoshi
100%
Warioware Wario
97%
Star Fox Falco
95%
Star Fox Fox
95%
Kirby Kirby
95%
Metroid Samus
95%
Donkey Kong Diddy Kong
93%
Donkey Kong Donkey Kong
93%
The Legend of Zelda Ganondorf
93%
The Legend of Zelda Link
93%
Fire Emblem Marth
93%
Game & Watch Mr. Game and Watch
93%
Kid Icarus Pit
93%
R.O.B. R.O.B.
93%
The Legend of Zelda Zelda
93%
Kirby King Dedede
92%
Punch Out!! Little Mac
92%
The Legend of Zelda Sheik
92%
The Legend of Zelda Toon Link
92%
Metroid Zero Suit Samus
92%
Duck Hunt Duck Hunt
90%
Fire Emblem Ike
90%
Kirby Meta Knight
90%
Earth Bound Ness
90%
Pac-Man Pac-Man
90%
Pokemon Pikachu
90%
Fire Emblem Robin
90%
Sonic the Hedgehog Sonic
90%
Wii Fit Wii Fit Trainer
90%
Earthbound Lucas
89%
Mega Man Mega Man
89%
Pikmin Olimar
89%
Kid Icarus Palutena
89%
Bayonetta Bayonetta
87%
F-Zero Captain Falcon
87%
Kid Icarus Dark Pit
87%
Xenoblade Chronicles Shulk
87%
Final Fantasy Cloud
85%
Pokemon Lucario
85%
Fire Emblem Lucina
85%
Street Fighter Ryu
85%
Animal Crossing Villager
85%
Pokemon Charizard
84%
Mii Mii Brawler
84%
Mii Mii Gunner
84%
Fire Emblem Roy
84%
Fire Emblem Corrin
82%
Pokemon Greninja
82%
Pokemon Jigglypuff
82%
Pokemon Mewtwo
82%
Mii Mii Swordfighter
82%
Super Mario Bros. Bowser Jr.
80%
Super Mario Bros. Rosalina and Luma
77%
Super Mario Bros. Dr. Mario
72%
No matching quizzes found
Score Distribution
Percent of People with Each Score
Percentile by Number Answered
Your Score History
You have not taken this quiz